[Event "HUN-ch U20"]
[Site "Szolnok"]
[Date "2024.04.03"]
[Round "4"]
[White "Fule, Simon"]
[Black "Barna, Peter"]
[Result "1-0"]
[WhiteElo "2262"]
[BlackElo "1702"]
[PlyCount "53"]
[EventDate "2024.03.31"]
[EventType "swiss"]
[EventRounds "9"]
[EventCountry "HUN"]
[SourceTitle "CB16_2024"]
[SourceDate "2024.04.17"]
[SourceVersion "1"]
[SourceVersionDate "2024.04.17"]
[SourceQuality "1"]

1. e4 e5 2. Nf3 Nf6 3. Nxe5 d6 4. Nf3 Nxe4 5. d4 d5 6. Bd3 Bd6 7. 0-0 0-0 8. c4 c6 9. h3 Bf5 10. Nc3 Nxc3 11. bxc3 Bxd3 12. Qxd3 Nd7 13. Rb1 b6 14. Bg5 Nf6 15. Ne5 Rc8 16. Bxf6 gxf6 17. Ng4 Bf4 18. Qf5 Bg5 19. f4 Bh4 20. g3 Qe7 21. gxh4 Kg7 22. Rbe1 Qd6 23. Kh2 h5 24. Rg1 hxg4 25. Qxg4+ Kh6 26. Qg7+ Kh5 27. Qh7# 1-0

[Event "Hajduszoboszlo op 2nd"]
[Site "Hajduszoboszlo"]
[Date "2024.02.09"]
[Round "2"]
[White "Barna, Peter"]
[Black "Biro, Beata"]
[Result "1-0"]
[WhiteElo "1473"]
[BlackElo "1628"]
[PlyCount "67"]
[EventDate "2024.02.08"]
[EventType "swiss"]
[EventRounds "7"]
[EventCountry "HUN"]
[SourceTitle "CB08_2024"]
[SourceDate "2024.02.21"]
[SourceVersion "1"]
[SourceVersionDate "2024.02.21"]
[SourceQuality "1"]

1. e4 c5 2. Nc3 Nc6 3. f4 e6 4. Bb5 Nd4 5. Nf3 Nxb5 6. Nxb5 a6 7. Nc3 b5 8. 0-0 Bb7 9. d3 Ne7 10. Qe1 Nc6 11. f5 Be7 12. Qg3 Qb6 13. Qxg7 0-0-0 14. Qxf7 Rdf8 15. Qh5 exf5 16. exf5 Rhg8 17. Nd5 Qd8 18. Bh6 Re8 19. Nxe7+ Nxe7 20. f6 Nd5 21. f7 Re2 22. fxg8Q Qxg8 23. Qg5 Qh8 24. c4 Nc7 25. Qxc5 Qxb2 26. Bf4 Rxg2+ 27. Kh1 d6 28. Bxd6 Rg7 29. Qf2 Qf6 30. Bxc7 Rxc7 31. cxb5 Rf7 32. Rac1+ Kd8 33. bxa6 Qxa6 34. Qd4+ 1-0